<?xml version="1.0" encoding="UTF-8"?><?xml-stylesheet type="text/xsl" href="static/style.xsl"?><OAI-PMH xmlns="http://www.openarchives.org/OAI/2.0/" xmlns:xsi="http://www.w3.org/2001/XMLSchema-instance" xsi:schemaLocation="http://www.openarchives.org/OAI/2.0/ http://www.openarchives.org/OAI/2.0/OAI-PMH.xsd"><responseDate>2026-06-02T07:13:06Z</responseDate><request verb="GetRecord" identifier="oai:riuma.uma.es:10630/11829" metadataPrefix="marc">https://riuma.uma.es/rest/oai/request</request><GetRecord><record><header><identifier>oai:riuma.uma.es:10630/11829</identifier><datestamp>2026-02-03T12:22:49Z</datestamp><setSpec>com_10630_2254</setSpec><setSpec>col_10630_37959</setSpec></header><metadata><record xmlns="http://www.loc.gov/MARC21/slim" xmlns:dcterms="http://purl.org/dc/terms/" xmlns:doc="http://www.lyncode.com/xoai" xmlns:xsi="http://www.w3.org/2001/XMLSchema-instance" xsi:schemaLocation="http://www.loc.gov/MARC21/slim http://www.loc.gov/standards/marcxml/schema/MARC21slim.xsd">
   <leader>00925njm 22002777a 4500</leader>
   <datafield ind2=" " ind1=" " tag="042">
      <subfield code="a">dc</subfield>
   </datafield>
   <datafield ind2=" " ind1=" " tag="720">
      <subfield code="a">Carrero-Barril, Francisco Jesús</subfield>
      <subfield code="e">author</subfield>
   </datafield>
   <datafield ind2=" " ind1=" " tag="720">
      <subfield code="a">Rodríguez-Santos, José Miguel</subfield>
      <subfield code="e">author</subfield>
   </datafield>
   <datafield ind2=" " ind1=" " tag="260">
      <subfield code="c">2016-07-14</subfield>
   </datafield>
   <datafield ind2=" " ind1=" " tag="520">
      <subfield code="a">El objetivo de este trabajo es determinar si las personas sordas pueden construir un modelo de situación adecuado a partir de la lectura de textos narrativos, a pesar de los limitaciones en las tarea de lectura y comprensión. A partir de un estudio empírico, con procedimiento experimental basado en el paradigma de lectura continua,  se midió el rendimiento de una muestra de personas sordas y se comparó su ejecución con una muestra equivalente de sujetos oyentes. Los resultados indican que los sujetos sordos no pueden elaborar algunos tipos de modelos de situación, cuando  están basados en características internas de los personajes. Es aconsejable la continuidad de investigaciones futuras con este tipo de modelos de situación y con otros diferentes no analizados en el presente trabajo.</subfield>
   </datafield>
   <datafield ind1="8" ind2=" " tag="024">
      <subfield code="a">http://hdl.handle.net/10630/11829</subfield>
   </datafield>
   <datafield tag="653" ind2=" " ind1=" ">
      <subfield code="a">Sordos</subfield>
   </datafield>
   <datafield ind2="0" ind1="0" tag="245">
      <subfield code="a">La detección de inconsistencias en la lectura de textos narrativos en las personas con déficit auditivo.</subfield>
   </datafield>
</record>
</metadata></record></GetRecord></OAI-PMH>